Personnalités à retrouver - Statistiques

Statistiques générales
  • Ce quiz a été pris 1 026 fois
  • Le résultat moyen est 22 sur 30
Statistiques - réponses
Question Tuile Select % Correct
Steve Jobs Non
98%
Steve Jobs Non
98%
Steve Jobs Oui
97%
Nelson Mandela Non
97%
Nelson Mandela Non
95%
Nelson Mandela Oui
94%
Ray Charles Non
87%
Paul McCartney Non
85%
Ray Charles Non
84%
Paul McCartney Non
79%
Lech Walesa Non
78%
Arthur Schopenhauer Non
76%
Lavrenti Beria Non
76%
Pablo Neruda Non
76%
Pablo Neruda Non
75%
Deng Xiaoping Non
75%
Ray Charles Oui
74%
Lyman Frank Baum Non
73%
Arthur Schopenhauer Non
71%
Lavrenti Beria Non
71%
Paul McCartney Oui
67%
Lech Walesa Non
65%
Deng Xiaoping Non
58%
Pablo Neruda Oui
56%
Lavrenti Beria Oui
53%
Lyman Frank Baum Non
53%
Arthur Schopenhauer Oui
51%
Lech Walesa Oui
50%
Deng Xiaoping Oui
41%
Lyman Frank Baum Oui
34%
Aucun quiz correspondant
Distribution des résultats
% des personnes avec chaque résultat
Percentile par nombre de réponses
Votre historique - résultats
Vous n’avez pas pris ce quiz